Wird geladen...

Vikadavyratam /

Bibliographische Detailangaben
1. Verfasser: Ramesan Nair, S.
Sprache:Undetermined
Veröffentlicht: Kottayam D C Books 1994
LEADER 00575nam a2200145Ia 4500
001 58393
008 170722s9999 xx 000 0 und d
100 |a Ramesan Nair, S. 
245 |a Vikadavyratam / 
260 |b D C Books  |a Kottayam  |c 1994 
300 |a 39  |c 21.3 cm. 
942 |c GEN 
999 |c 14236  |d 14236 
952 |0 0  |1 0  |4 0  |6 O_322N481V_N4N41_KR  |7 0  |9 16805  |a LIB  |b LIB  |d 2017-08-12  |o O32,2N481,V N4-N4;1 (KR)  |p 219701  |r 2017-08-12  |v 0.00  |w 2017-08-12  |y GEN 
952 |0 0  |1 0  |4 0  |6 O_322N481V_N4N41_KR  |7 0  |9 16806  |a LIB  |b LIB  |d 2017-08-12  |o O32,2N481,V N4-N4;1 (KR)  |p 219702  |r 2017-08-12  |v 0.00  |w 2017-08-12  |y GEN